[Event "URU-chT Provinces"]
[Site "Montevideo"]
[Date "2017.08.25"]
[Round "1.1"]
[White "Guerrero, Alvaro"]
[Black "Greiver, Alejandro"]
[Result "1-0"]
[WhiteElo "2127"]
[BlackElo "1695"]
[PlyCount "50"]
[EventDate "2017.08.25"]
[EventType "team-swiss"]
[EventRounds "5"]
[EventCountry "URU"]
[SourceTitle "EXT 2019"]
[Source "ChessBase"]
[SourceDate "2018.10.10"]
[SourceVersion "1"]
[SourceVersionDate "2018.10.10"]
[SourceQuality "1"]
[WhiteTeam "Montevideo VIII"]
[BlackTeam "Colonia Nueva Helvecia"]
[WhiteTeamCountry "URU"]
[BlackTeamCountry "URU"]

1. d4 f5 2. Nf3 Nf6 3. c4 e6 4. g3 c6 5. Bg2 d5 6. 0-0 Bd6 7. b3 Qe7 8. Bb2 0-0 9. Nbd2 Nbd7 10. Ne5 Ne4 11. f3 Nxe5 12. fxe4 Ng4 13. e5 Bb4 14. Rf3 Qg5 15. Nf1 Bd7 16. a3 Be7 17. Bc1 Qg6 18. Bd2 Nh6 19. Bb4 Bxb4 20. axb4 Nf7 21. Rf2 Ng5 22. e3 a6 23. Nd2 Ne4 24. Rf4 Nxd2 25. Qxd2 Qe8 1-0